Most Populated Cities - Sudden Death - Statistics

General Stats
  • This quiz has been taken 1,277 times
  • The average score is 6 of 18
Answers on the Grid
Answers color-coded by a green-red scale on the quiz's grid according to % correct below.
Abu Dhabi
Algiers
Athens
Bangkok
Barcelona
Beijing
Bogota
Brisbane
Brussels
Cape Town
Dhaka
Dublin
Helsinki
Hyderabad
Jakarta
Jerusalem
Karachi
Lagos
London
Marseille
Montreal
New York City
Oslo
Quito
Rabat
Rio de Janeiro
Rome
Saint Petersburg
Seoul
Tokyo
Wellington
Zurich
 
Answer Stats
Answer % Correct
Bangkok
65%
Athens
55%
Tokyo
45%
New York City
44%
Bogota
42%
Algiers
40%
London
40%
Seoul
37%
Jakarta
33%
Dublin
31%
Lagos
29%
Dhaka
27%
Helsinki
26%
Karachi
22%
Oslo
22%
Zurich
17%
Rome
15%
Jerusalem
6%
No matching quizzes found
Score Distribution
Percent of People with Each Score
Percentile by Number Answered
Your Score History
You have not taken this quiz